000 00940cam a2200253 4500
008 090401t1995 xxu||||| |||| 00| 0 eng d
020 _a0906182948
035 _a(Sirsi) u21912
041 _aeng
050 _a690.24
110 _aBuilding Maintenance Information
_93229
245 4 _aThe economic significance of maintenance: maintenance expenditure 1980-1994.
260 _aKingston upon Thames
_bBMI
_c1995
300 _a12p. ; 30cm.
350 _a0
490 _aSerial
_v244
520 _aThis item is part of a subscription service and cannot be photocopied, neither can any part of it be read out over the phone. Please contact BMI direct on 0171-222-7000 for details.
650 _aBUILT ENVIRONMENT-BUILDING MAINTENANCE AND REFURBISHMENT
650 _aECONOMIC SIGNIFICANCE
650 _aMAINTENANCE EXPENDITURE
690 _aBUILDING AND CONSTRUCTION-REPAIRS AND MAINTENANCE
942 _n0
948 _c04/03/1997
999 _c88090
_d88090